| 000 | 00468nam a2200181Ia 4500 | ||
|---|---|---|---|
| 001 | 16206 | ||
| 005 | 20260306170252.0 | ||
| 008 | 260306t2000||||xx |||||||||||||| ||und|| | ||
| 041 | _aESP | ||
| 082 |
_a347.4 _bA41 |
||
| 100 |
_aAlfaro Pinillos, Roberto _eAUT |
||
| 245 | 0 | _aCompendio práctico de contratos civiles, comerciales, bancarios e informáticos | |
| 260 | _c2000 | ||
| 300 |
_a _c24 cm. |
||
| 650 | _aGEN | ||
| 654 | _aCDE | ||
| 942 |
_cLIB _dJUS _fJUS _2ddc _n |
||
| 999 |
_c16206 _d16206 |
||